Регионална библиотека "Любен Каравелов" - Русе

Старозагорска партийна организация 1893-1983 (Запис номер 398587)

MARC детайли
000 -Лидер
Контролно поле с фиксирана дължина nkm a22 a 4500
003 - Код на организацията, давaща контролен номер
Контролно поле BLK
005 - Дата и час на последна редакция
Контролно поле 20210215155604.0
008 - Елементи от данни с фиксирана дължина
fixed length control field 210215b bu ||||| |||| 00| 0 bu d
040 ## - Източник на каталожния запис
Идентификатор на билиотеката - собственик на записа BLK
041 ## - Код за език
Код за езика на текст/звукозапис или на отделно заглавие Български
Код за езика КДБФ Български
080 ## - УДК
Текстов определител УДК Персоналии на дейци на партията 329(092)
УДК код - определител по УДК 329(092)
УДК - код + определител 329(092)
139 ## - Редно поле
Редна дума Старозагорска партийна организация 1893-1983
245 ## - Сведения за заглавието
Заглавие Старозагорска партийна организация 1893-1983
Подзаглавни данни Изобразителен материал : комплект снимки
Редно поле (дума) авт.-състав. С. Първанов ... и др. ; худож. Георги Евров ; ред. Таня Димова
257 ## - Страна на издаване
Страна на създаване/издаване България
260 ## - Област на издателските данни
Място на издаване, разпространение и проч. София
Име на издателя, разпространителя и проч. Септември
Година на издаване 1983
9 (RLIN) 210539
300 ## - Физическа характеристика
Страници 1 папка (16 отд. л.)
Илюстрации и др. ил., портр., факс.
Размери/Мащаб 31 см
380 ## - Жанр
Жанр Обществени науки
500 ## - Общи забележки
Забележка Други авт.-състав.: Ив. Костова, П. Коев, Ст. Цанев ; Имената на авт.-състав. отбелязани в изд. каре <br/>3 000 тир.
651 #0 - Допълнително описание по предмет - топоним
9 (RLIN) 276847
Географско понятие Стара Загора
653 #7 - Ключова дума – ненормативна
Ключова дума партийни организации
9 (RLIN) 193396
653 #0 - Ключова дума – ненормативна
Ключова дума снимкови албуми
9 (RLIN) 401783
852 ## - Местоположение
Форматна сигнатура Цб II 26844
Фондова буква Хранилище
999 ## - СИСТЕМНИ КОНТРОЛНИ НОМЕРА
Koha biblionumber 398587
Koha biblioitemnumber 398587
942 ## - АРТИКУЛИ
Вид на библиотечния материал Графични издания
Скрит в OPAC Не
Периодичен библиозапис Да
944 ## - СЪЗДАВАНЕ И РЕДАКЦИЯ на ЗАПИСА
Създаване/Редакция Създаване
Дата на регистрацията/редакция 2021-02-15
Наличности
Код за отписване Код за изгубен артикул Източник на класификационната схема Код за повреда Коз за рестрикции Код за отдаване Артикулен № Име на библиотеката - собственик Име на библиотеката, в която се намира в момента Статус (Текущо местоположение) Дата на вписване в системата Местоположение - отдел Цена в лева Инвентарен номер Систематично азбучна сигнатура Баркод Цена в евро Служебен тип на артикула
  Не е изгубен Universal Decimal Classification Не е повреден само за читалня ползва се в читалня 812119 Регионална библиотека "Любен Каравелов" Русе Регионална библиотека "Любен Каравелов" Русе Хранилище 2021-02-16 Хранилище 1.16 378166 Цб II 26844 120000378166 0.59 Графични издания
Vip Innovations Ltd, Rousse, Bulgaria 2025